Responses for show #4395 - Friday, October 17, 2003

Russ Schumacher game 1.

Contestants

[<< previous game]

Arlen Schweiger, a copy editor from Burlington, Vermont

Russ Schumacher, a graduate student from Fort Collins, Colorado

Katie Durham, a graduate student from Portland, Oregon (whose 1-day cash winnings total $10,200)

[next game >>]

Jeopardy! Round responses

THE CIVIL WAR
MTV MOVIE AWARDS: BEST KISS
HOW CAN I HELP?
JINGLES & SLOGANS
OLD TESTAMENT BOOKS
"A" MEN
    $200 2
Washington, D.C.

Russ
    $200 1
Shakespeare in Love

Katie
    $200 21
the fire department

Russ
    $200 26
McDonald's

Russ
    $200 14
Solomon

Russ
    $200 4
Gene Autry

Russ
    $400 3
Congressional Medal of Honor

Russ
    $400 12
Kirsten Dunst

Russ
    $400 22
crossing guard

Russ
    $400 27
M&M's

Russ
    $400 17
Isaiah

Russ
    $400 5
Dr. (Robert) Atkins

Arlen
    $600 9
Massachusetts

Triple Stumper
    $600 13
Will Smith

Katie
    $600 23
(Russ: What are the Explorers?)
(Arlen: What is the Urban Watch?)

Neighborhood Watch

KatieRussArlen
    $600 28
State Farm

Katie
    $600 18
(Arlen: What is Exodus?)

Numbers

RussArlen
    $600 6
Steve Austin

Russ
    $800 10
(William Tecumseh) Sherman

Russ
    $800 15
The Wedding Singer

Russ
    $800 24
(Alex: With a minute to go.)

Big Brothers

Russ
    $800 29
Campbell's soup

Katie
    $800 19
Psalms

Katie
    $800 7
Stephen F. Austin

Russ
    $1000 11
Lookout Mountain

Triple Stumper
    $1000 16
Indecent Proposal

Katie
    $1000 25
(Arlen: What is a foster parent?)
(Russ: What is a Lion?)

sponsor

RussArlen
Triple Stumper
    $1000 30
(Alex: "[*] Will Clean Your Whole House and Everything That's in It".)

Mr. Clean

Russ
    $1,000 20
Joshua

Katie
    $1000 8
Edward Albee

Triple Stumper

Scores at the first commercial break (after clue 15):

Katie Russ Arlen
$800 $4,400 $400

Scores at the end of the Jeopardy! Round:

Katie Russ Arlen
$5,600 $6,800 -$1,800

Double Jeopardy! Round responses

SOCIOLOGY
(Alex: Sounds like going back to school!)
SALMON FISHING
(Alex: Whoops... not back to school!)
1920s BESTSELLERS
ALL THAT JAZZ
TRAVEL FRANCE
THE THIRD WORD
    $400 26
China

Arlen
    $400 16
Washington

Katie
    $400 21
(Russ: Who is L'Amour?)

Zane Grey

Russ
Triple Stumper
    $400 1
Louis Armstrong

Russ
    $400 3
Paris

Arlen
    $400 8
(In the) beginning

Russ
    $800 28
Capitalism

Russ
    $800 17
eggs

Russ
    $800 22
Main Street

Russ
    $800 2
Miles Davis & Quincy Jones

Katie
    $800 5
(Russ: What is Zinfandel?)
...
(Alex: And I believe I made a mistake a moment ago; it should have been Arlen selecting, so go ahead!)

Chablis

Russ
Triple Stumper
    $800 9
(I have) not (yet begun to fight)

Triple Stumper
    $1200 27
a melting pot

Russ
    $1,600 18
(Russ: What is a fin?)
(Alex: They get a little crooked up top.)

humpback

Russ
    $1200 23
The Bridge of San Luis Rey

Katie
    $1200 4
(Arlen: What is "As Time Goes By"?)

"One O'Clock Jump"

Arlen
Triple Stumper
    $1200 13
(Alex: The [*] Tapestry.)

Bayeux

Katie
    $1200 10
(Call me) Ishmael

Russ
    $1600 29
(L. Ron) Hubbard

Russ
    $1600 19
Atlantic salmon

Triple Stumper
    $1600 24
(Alex: Less than a minute to go now, Katie.)

The Sheik

Triple Stumper
    $1600 6
Charlie Parker

Russ
    $1600 14
Jacques Cartier

Russ
    $1600 11
(Russ: What is the?)

(God save) our (glorious queen, long live)

Russ
Triple Stumper
    $2000 30
the Leisure Class

Triple Stumper
    $2000 20
seiners

Triple Stumper
    $2000 25
A.A. Milne

Triple Stumper
    $2000 7
(Russ: Who is Kenton?)

Art Blakey

Russ
Triple Stumper
    $2,000 15
(Alex: Home of the popes.)

Avignon

Russ
    $2000 12
(Shall I) compare (thee to a summer's day)

Triple Stumper

Scores at the end of the Double Jeopardy! Round:

Katie Russ Arlen
$9,200 $12,800 -$2,200

[wagering suggestions for these scores]

Final Jeopardy! Round responses

HISTORIC ROYALTY
(Alex: This is a video Final, which means you'll get to look at a picture, as well as receive the clue.)
(Alex: King George V of Great Britain is on the right and Czar Nicholas II is on the left.)
KatieWho are Franz Josef & King Wilhelm I?
$9,200
RussWho are Franz Ferdinand & Franz Joseph
$5,601
Czar Nicholas II & King George V

Final scores:

Katie Russ Arlen
$0 $7,199 -$2,200
2nd place: $2,000 New champion: $7,199 3rd place: $1,000

Game dynamics:

Coryat scores:

Katie Russ Arlen
$9,200 $14,400 -$2,200
12 R
(including 1 DD),
0 W
28 R
(including 1 DD),
7 W
(including 1 DD)
3 R,
4 W

Combined Coryat: $21,400

The J! Archive is created by fans, for fans. The Jeopardy! game show and all elements thereof, including but not limited to copyright and trademark thereto, are the property of Jeopardy Productions, Inc. and are protected under law. This website is not affiliated with, sponsored by, or operated by Jeopardy Productions, Inc. Join the discussion at JBoard.tv.